The adventures of Huckleberry Finn / (Record no. 768043)

MARC details
000 -LEADER
fixed length control field 01181nam a2200349 a 4500
001 - CONTROL NUMBER
control field vtls000944680
003 - CONTROL NUMBER IDENTIFIER
control field NLI
005 - DATE AND TIME OF LATEST TRANSACTION
control field 20210627091948.0
008 - FIXED-LENGTH DATA ELEMENTS--GENERAL INFORMATION
fixed length control field 111128s1958 mdu 000 1 eng
039 #9 - LEVEL OF BIBLIOGRAPHIC CONTROL AND CODING DETAIL [OBSOLETE]
-- 201111281838
-- Datasoft
040 0# - CATALOGING SOURCE
Original cataloging agency NLI
Language of cataloging eng
Transcribing agency Retro_DSC 1
Description conventions AACR2
041 0# - LANGUAGE CODE
Language code of text/sound track or separate title eng
044 ## - COUNTRY OF PUBLISHING/PRODUCING ENTITY CODE
MARC country code mdu
082 04 - DEWEY DECIMAL CLASSIFICATION NUMBER
Classification number 813.4
100 1# - MAIN ENTRY--PERSONAL NAME
Personal name Twain, Mark,
Dates associated with a name 1835-1910
9 (RLIN) 694804
245 14 - TITLE STATEMENT
Title The adventures of Huckleberry Finn /
Statement of responsibility, etc. Mark Twain
260 ## - PUBLICATION, DISTRIBUTION, ETC.
Place of publication, distribution, etc. Baltimore :
Name of publisher, distributor, etc. Penguin Books,
Date of publication, distribution, etc. 1958
300 ## - PHYSICAL DESCRIPTION
Extent 281 p. ;
Dimensions 20 cm.
650 #0 - SUBJECT ADDED ENTRY--TOPICAL TERM
Topical term or geographic name entry element Finn, Huckleberry (Fictitious character)
Form subdivision Juvenile fiction
9 (RLIN) 892127
650 #0 - SUBJECT ADDED ENTRY--TOPICAL TERM
Topical term or geographic name entry element Runaway children
Form subdivision Juvenile fiction
9 (RLIN) 892128
650 #0 - SUBJECT ADDED ENTRY--TOPICAL TERM
Topical term or geographic name entry element Male friendship
Form subdivision Juvenile fiction
9 (RLIN) 892129
650 #0 - SUBJECT ADDED ENTRY--TOPICAL TERM
Topical term or geographic name entry element Fugitive slaves
Form subdivision Juvenile fiction
9 (RLIN) 892130
650 #0 - SUBJECT ADDED ENTRY--TOPICAL TERM
Topical term or geographic name entry element Race relations
Form subdivision Juvenile fiction
9 (RLIN) 892131
650 #0 - SUBJECT ADDED ENTRY--TOPICAL TERM
Topical term or geographic name entry element Boys
Form subdivision Juvenile fiction
9 (RLIN) 892132
651 #0 - SUBJECT ADDED ENTRY--GEOGRAPHIC NAME
Geographic name Mississippi River
Form subdivision Juvenile fiction
9 (RLIN) 892133
651 #0 - SUBJECT ADDED ENTRY--GEOGRAPHIC NAME
Geographic name Missouri
Form subdivision Juvenile fiction
9 (RLIN) 892134
887 ## - NON-MARC INFORMATION FIELD
Content of non-MARC field
901 ## - LOCAL DATA ELEMENT A, LDA (RLIN)
a 1498 :
b 13.01.1961
902 ## - LOCAL DATA ELEMENT B, LDB (RLIN)
a Child Divn. 813.4 T 911
949 ## - LOCAL PROCESSING INFORMATION (OCLC)
-- VIRTUAITEM
-- 10000
-- 100
6 CHD000001498ENG
942 ## - ADDED ENTRY ELEMENTS (KOHA)
Source of classification or shelving scheme Dewey Decimal Classification
Koha item type Books
Holdings
Withdrawn status Lost status Damaged status Not for loan Collection code Home library Current library Shelving location Date acquired Total Checkouts Full call number Barcode Date last seen Price effective from Koha item type
          National Library of India National Library of India       Child Divn. 813.4 T 911 CHD000001498ENG 27/06/2021 27/06/2021 Books
                                                                           
web counter

Copyright ©2020 The National Library of India, Govt. of India ↔ Hosted by NVLI, MOC ↔ Technology and Design by National Library of India, Ministry of Culture, Govt. of India